Top 10 Anaheim Ducks - Statistics

General Stats
  • This quiz has been taken 71 times
  • The average score is 6 of 10
Answer Stats
Rank Position Years Active Stats Answer % Correct
1 RW 1996-2001, 2005-2014 966 GP - 457 G - 988 PTS Teemu Selanne
96%
3 C 2005- 1 053 GP - 274 G - 965 PTS Ryan Getzlaf
94%
4 RW 2005-2019 988 GP - 372 G - 776 PTS Corey Perry
92%
2 LW 1994-2003 606 GP - 300 G - 669 PTS Paul Kariya
83%
5 D 2005-2010 371 GP - 60 G - 264 PTS Scott Niedermayer
75%
6 G 2000-2010 206-163-59 - 2.47 GAA - .914 SP% Jean-Sebastien Giguere
69%
10 D 2006-2009 220 GP - 36 G - 150 PTS Chris Pronger
54%
7 D 2005-09, 2011-2015, 2017-2018 525 GP - 53 G - 179 PTS Francois Beauchemin
31%
9 C 1994-2004 616 GP - 153 G - 432 PTS Steve Rucchin
23%
8 G 1993-2001 173-202-52 - 2.75 GAA - .911 SP% Guy Hebert
21%
No matching quizzes found
Score Distribution
Percent of People with Each Score
Percentile by Number Answered
Your Score History
You have not taken this quiz